[Event "Michigan Juniors"]
[Site "East Grand Rapids"]
[Date "2005.03.19"]
[Round "3.17"]
[White "Jones, Cedric"]
[Black "Sweatland, Christopher"]
[Result "1-0"]
[WhiteElo "1110"]
[BlackElo "709"]
[PlyCount "77"]
[EventDate "2005.03.19"]
[EventType "swiss"]
[EventRounds "5"]
[EventCountry "USA"]
[SourceTitle "EXT 2006"]
[Source "ChessBase"]
[SourceDate "2005.11.24"]
[SourceVersion "1"]
[SourceVersionDate "2005.11.24"]
[SourceQuality "1"]

1. e4 e5 2. Nf3 Nc6 3. d4 exd4 4. Nxd4 Nf6 5. Nc3 Bb4 6. Nxc6 bxc6 7. Bg5 h6 8. Bh4 0-0 9. Bd3 d6 10. 0-0 g5 11. Bg3 Re8 12. Qf3 Bxc3 13. bxc3 Bg4 14. Qe3 d5 15. e5 a5 16. Qd4 Ne4 17. Bxe4 dxe4 18. Qxe4 Qd7 19. Qe3 f5 20. f4 Rf8 21. fxg5 hxg5 22. Qxg5+ Qg7 23. Qf4 Rab8 24. Qc4+ Kh8 25. Rae1 Rb2 26. e6 Re8 27. Be5 Qxe5 28. Rxe5 Rg8 29. e7 Re8 30. Qf7 Rbb8 31. h3 Bxh3 32. Rfxf5 Bxf5 33. Rxf5 Rb1+ 34. Kf2 Rb5 35. Qxe8+ Kg7 36. Qf7+ Kh6 37. e8Q Rxf5+ 38. Qxf5 Kg7 39. Qfg6# 1-0